| 000 | 00963nac a22002777a 4500 | ||
|---|---|---|---|
| 001 | BR0103665 | ||
| 003 | BR-BrBNA | ||
| 005 | 20240105122614.0 | ||
| 008 | 230509b bl.|||m| |||| 00| 0 por d | ||
| 040 |
_aBR-BrBNA _bpor _cBiblioteca Nacional de Agricultura |
||
| 072 | _aM12 | ||
| 090 | _aM12 BR0103665 | ||
| 100 | 1 | _aGalvao, M.S.N. | |
| 100 | 1 | _aYamanaka, N. | |
| 110 | 1 |
_aInstituto de Pesca, Sao Paulo, SP (Brasil) _96067 |
|
| 245 | 1 | _aOrganismos-alimento marinhos: biologia e criacao dos rotiferos Brachionus plicatilis O.F. Muller, 1786 e Brachionus rotundiformis Tschugunoff, 1921 (Rotifera, Brachionidae) | |
| 260 | 3 |
_aSao Paulo, SP (Brasil): _c2000. |
|
| 300 | _a27 p. | ||
| 490 |
_aBoletim Tecnico - Instituto de Pesca (Brazil) _vno. 28 _xISSN 0103-1767 |
||
| 500 | _a10 illus. | ||
| 650 | _aAnimal Aquatico | ||
| 650 | _aAnimal Herbivoro | ||
| 650 | _aAlevino | ||
| 909 |
_a202312 _bLúcia Elande _c55 _dLúcia Elande |
||
| 942 |
_2AGRIS _n0 _cMS |
||
| 999 |
_c291886 _d291886 |
||